Statistics for Test of taxonomy

Click here to take the quiz!

General Stats

  • This quiz has been taken 13 times
  • The average score is 20 of 30

Answer Stats

QuestionAnswer% Correct
JellyfishAnimal
100%
CoralAnimal
100%
SpongeAnimal
100%
HumanAnimal
100%
Water lilyPlant
100%
MossPlant
92%
TardigradeAnimal
85%
MoldFungus
85%
YeastFungus
85%
Athlete's footFungus
85%
ConiferPlant
85%
NightshadesPlant
85%
Sea penAnimal
77%
CyanobacteriaOther
77%
E. coliOther
77%
Feather starAnimal
69%
AmoebaOther
69%
GiardiaOther
62%
DiatomOther
62%
Death capFungus
54%
Hay bacillusOther
54%
ParameciumOther
46%
Red algaeOther
46%
Fly agaricFungus
38%
Green algaePlant
38%
Sea lilyAnimal
31%
RotiferAnimal
31%
LichenFungus
31%
KelpOther
31%
DesmidsPlant
31%

Score Distribution

Percentile by Number Answered

Percent of People with Each Score

Your Score History

You have not taken this quiz